000 00501nam a2200181Ia 4500
999 _c28598
_d28598
003 OSt
005 20201112100215.0
008 190216s9999||||xx |||||||||||||| ||und||
020 _a9788171305636
040 _coclc
082 _a894.8123
_bBAL/J
100 _aBalakrishnan, C V
_96478
245 0 _aJwaalaakalaapam /
_cC V Balakrishnan
260 _bDc Books,
_aKottayam:
_c1998.
300 _a143p
650 _aNovel
942 _cBK
_2ddc
_h894.8123
_iBAL/J
_k894.8123
_mBAL/J